Statistieken voor Landen van Noord-Amerika

Klik hier om de quiz te nemen!

Algemene statistieken

  • Deze quiz is 1.141 keer genomen
  • De gemiddelde score is 16 van 23

Antwoorden op de kaart

Antwoorden kleurgecodeerd door een groen-rode schaal op de quizkaart volgens % correct hieronder.
 

Antwoordstatistieken

Land% Correct
Canada
100%
Verenigde Staten
100%
Mexico
99%
Cuba
84%
Panama
80%
Bahama's
75%
Haïti
75%
Costa Rica
72%
Dominica
71%
Jamaica
71%
Dominicaanse Republiek
70%
Honduras
70%
El Salvador
68%
Guatemala
67%
Nicaragua
67%
Belize
61%
Saint Lucia
55%
Saint Vincent en de Grenadines
53%
Barbados
52%
Saint Kitts en Nevis
50%
Trinidad en Tobago
48%
Antigua en Barbuda
47%
Grenada
44%

Scoreverdeling

Percentiel versus Aantal Correcte Antwoorden

Procent van Mensen met Elke Score

Uw Scoregeschiedenis

U heeft deze quiz nog niet genomen